|
|
แสดงรายละเอียดบรรณานุกรม |
|
|
Brief Record
: Get Marc (ISO 2709)
: E-mail record
: |
|
|
| LEADER 00000nama 2200000uu 4500 | |||
| 001 204011 | |||
| 003 ULIBM | |||
| 008 040531s|||| th m m a000 0 tha d | |||
| 020 978-616-551-002-8 | |||
| 041 tha | |||
| 050 WS 200 ค695 2552. | |||
| 100 กัญญา ศุภปิติพร. | |||
| 245 คู่มือหัตถการในเด็ก/ กัญญา ศุภปิติพร และจิตลัดดา ดีโรจนวงศ์. | |||
| 246 0 ^aโครงการผลิตพยาบาลชุมชนฯ ครั้งที่1/2553. | |||
| 260 กรุงเทพฯ. ภาควิชากุมารเวชศาสตร์ คณะแพทยศาสตร์ จุฬาลงกรณ์มหาวิทยาลัย. 2552. | |||
| 300 236 หน้า. | |||
| 600 1.จิตลัดดา ดีโรจนวงศ์. 2.จุฬาลงกรณ์มหาวิทยาลัย คณะแพทยศาสตร์ ภาควิชากุมารเวชศาสตร์. | |||
| 650 1.การรักษาโรค - - ในวัยทารกและเด็ก. 2.หัตถการทางการแพทย์ - - ในวัยทารกและเด็ก. | |||
| 995 001 | |||
| 999 ^aใช้งานได้ทุกระบบ | |||
| คุณยังไม่ได้ล็อกอิน คุณสามารถมีกิจกรรมร่วมกับเว็บไซต์ได้ แต่ต้องล็อกอินก่อน :: |
|
| สถานะ | |||||||||
| 1. | หนังสือทั่วไป | WS 200 ค695 2552 ฉ.13 | On Shelf ขอยืม | ||||||
| 2. | หนังสือทั่วไป | WS 200 ค695 2552 ฉ.39 | On Shelf ขอยืม | ||||||
| Note:จัดซื้อปีงบ 59 | |||||||||
| 3. | หนังสือทั่วไป | WS 200 ค695 2552. | On Shelf ขอยืม | ||||||
| 4. | หนังสือทั่วไป | WS 200 ค695 2552. | On Shelf ขอยืม | ||||||
| 5. | หนังสือทั่วไป | WS 200 ค695 2552. ฉ.18 | On Shelf ขอยืม | ||||||
| Note:ปีงบประมาณ 2557 | |||||||||
| 6. | หนังสือทั่วไป | WS 200 ค695 2552. ฉ.25 | On Shelf ขอยืม | ||||||
| Note:ปีงบประมาณ 2557 | |||||||||
| 7. | หนังสือทั่วไป | WS 200 ค695 2552. ฉ.29 | On Shelf ขอยืม | ||||||
| Note:ปีงบประมาณ 2557 | |||||||||
| 8. | หนังสือทั่วไป สถานะ=หนังสือเก่า - บริการ ณ ห้องสมุด (ห้องเหลือง) | WS 200 ค695 2552. ฉ.31 | On Shelf ขอยืม | ||||||
| Note:ปีงบประมาณ 2557 | |||||||||
| 9. | หนังสือทั่วไป | WS 200 ค695 2552. ฉ.35 | On Shelf ขอยืม | ||||||
| Note:ปีงบประมาณ 2557 | |||||||||
| [แสดง 9/9 รายการ] | |||||||||
BibComment |
| คอมเมนท์ทรัพยากรรายการนี้ |
|
|